01197 a2200205 4500010001400000020002600014020001800040035001300058037001800071082001400089100002500103245016600128250001200294260004300306300003500349500051900384500002000903650003100923650003700954 aENG-86174 a9780761935605c495.00 a9788178297200 aEN-69707 bD.B.Act / Pub14a618.928361 aHinchcliffe, Archie.10aChildren with cerebral palsyba manual for therapists, parents and community workerscArchie Hinchcliffe ; illustrations by Barbara Lynne Price and Clare Rogers. a2nd ed. aNew Delhi ;bSage Publications,c2007. a257 p. :bill. ;c25 cm. (Pbk) aWhat is cerebral palsy and how does it affect children? -- Assessing a child with cerebral palsy: observing and handling -- Assessing a child with cerebral palsy: analysis of observations -- Contractures and deformities -- Principles of treatment -- Child, family, and therapist working as a team -- Useful equipment at a treatment centre and at home -- Sensory integration problems in children with cerebral palsy / Annie Brozaitis -- Assessment and management of eating and drinking difficulties / Marian Browne. aIncludes index. 0aCerebral palsyxTreatment. 0aCerebral palsied childrenxCare.